000 00595nam a2200229 a 4500
001 nice12345678
003 IN_TiNIC
005 20260116014451.0
008 070412s2002 newa grp 000 0 eng
020 _a8124602042
_c330
082 0 0 _a180
_bVIC
100 _aVictor, P George
245 _aSocial Relevance of Philosophy
_b Essays on Applied Philosophy
260 _aNew Delhi
_bDk Printworld
_c2002
300 _a195p
500 _aincludes index and biblioraphy
650 _aPhilosophy
700 1 _aVictor, P George
902 _bSRS
942 _cBK
999 _c15472
_d15472